5HLuxD.jpg

KING HENRY VIII SENIOR AND PRIMARY SCHOOL LIBRARY OPAC

I wonder why soap makes bubbles and other questions about science / (Record no. 4689)

000 -LEADER
fixed length control field 00508cam a2200169 4500
008 - FIXED-LENGTH DATA ELEMENTS--GENERAL INFORMATION
fixed length control field 940106s1994 nyua j 001 0 eng
010 ## - LIBRARY OF CONGRESS CONTROL NUMBER
LC control number 94002313
020 ## - INTERNATIONAL STANDARD BOOK NUMBER
International Standard Book Number 0753405148
050 00 - LIBRARY OF CONGRESS CALL NUMBER
Classification number Q163
Item number T253 2001
082 00 - DEWEY DECIMAL CLASSIFICATION NUMBER
Classification number 507.8 TAY
Edition number 20
100 1# - MAIN ENTRY--PERSONAL NAME
Personal name Taylor, Barbara,
Dates associated with a name 1954-
245 10 - TITLE STATEMENT
Title I wonder why soap makes bubbles and other questions about science /
Statement of responsibility, etc. by Barbara Taylor.
260 ## - PUBLICATION, DISTRIBUTION, ETC.
Place of publication, distribution, etc. New York :
Name of publisher, distributor, etc. Kingfisher,
Date of publication, distribution, etc. 1994.
300 ## - PHYSICAL DESCRIPTION
Extent 32 p. :
Other physical details col. ill. ;
Dimensions 29 cm.
500 ## - GENERAL NOTE
General note Includes index.
942 ## - ADDED ENTRY ELEMENTS (KOHA)
Source of classification or shelving scheme
Holdings
Withdrawn status Lost status Source of classification or shelving scheme Damaged status Not for loan Collection code Permanent Location Current Location Shelving location Date acquired Full call number Barcode Date last seen Price effective from Koha item type Public note
          Non-Fiction KH8 Primary School Library KH8 Primary School Library Non Fiction 2025-03-10 507.8 TAY KHPL00006422 2025-12-05 2025-03-10 Books - Non Ficton KH8 PRIMARY LIBRARY

Powered By KH8 IT Dept